Lord of the Rings Characters by Mentions (Extended) - Statistics

General Stats
  • This quiz has been taken 67 times
  • The average score is 40 of 88
Answer Stats
Hint Answer % Correct
2028 Frodo Baggins
100%
1158 Gandalf
100%
746 Peregrin Took
100%
1341 Samwise Gamgee
100%
794 Aragorn
98%
398 Gimli
98%
340 Legolas
98%
379 Bilbo Baggins
95%
286 Boromir
95%
308 Faramir
95%
641 Meriadoc Brandybuck
95%
300 Saruman
93%
239 Sauron
93%
62 Arwen
88%
139 Éowyn
88%
586 Gollum/Sméagol
88%
237 Elrond
86%
239 Denethor II
81%
105 Galadriel
81%
248 Théoden
81%
248 Éomer
74%
79 Gríma Wormtongue
74%
143 Tom Bombadil
71%
51 Celeborn
67%
34 Thorin Oakenshield
67%
151 Treebeard
67%
35 Witch-king of Angmar
67%
42 Shelob
60%
30 Balin
57%
53 Glóin
57%
105 Isildur
57%
45 Haldir
50%
35 Arathorn
48%
26 Bill the Pony
48%
16 Radagast
48%
14 Déagol
45%
87 Elendil
45%
30 Fredegar Bolger
45%
26 Rosie Cotton
45%
14 Thranduil
45%
35 Durin I
43%
18 Lobelia Sackville-Baggins
43%
95 Barliman Butterbur
40%
78 Shadowfax
38%
43 Glorfindel
36%
36 Goldberry
36%
15 Círdan
33%
22 Háma
33%
63 The Gaffer /Hamfast Gamgee
33%
32 Dáin Ironfoot
31%
48 Prince Imrahil
31%
49 Shagrat
31%
28 Farmer Maggot
29%
18 Morgoth
29%
15 Eärendil
26%
39 Helm Hammerhand
26%
23 Beren
24%
31 Elbereth/Varda
24%
14 Elladan
24%
32 Lúthien
21%
21 Thengel
21%
57 Uglúk
21%
73 Beregond
19%
16 Ecthelion II
19%
25 Gil-galad
19%
35 Grishnákh
19%
20 Anárion
17%
43 Eorl the Young
14%
32 Gildor
14%
30 Gorbag
14%
30 Lotho Sackville-Baggins
14%
14 The Old Took /Gerontius Took
14%
26 Arvedui
12%
20 Bill Ferny
12%
20 Drogo Baggins
12%
14 Éomund
12%
14 Erkenbrand
12%
15 Halbarad
12%
23 Quickbeam /Bregalad
12%
22 Thrór
12%
30 Farmer Cotton
10%
30 Thráin
10%
17 Bergil
7%
21 Eärnur
7%
14 Ar-Pharazôn
5%
15 Ioreth
5%
31 Nob
5%
16 Ted Sandyman
5%
No matching quizzes found
Score Distribution
Percent of People with Each Score
Percentile by Number Answered
Your Score History
You have not taken this quiz